| 000 | 01044nam a2200301Ia 4500 | ||
|---|---|---|---|
| 003 | OSt | ||
| 005 | 20220912151408.0 | ||
| 006 | a|||||r|||| 00| 0 | ||
| 007 | ta | ||
| 008 | 220909b |||||||| |||| 00| 0 eng d | ||
| 020 | _a0486411478 (pbk) | ||
| 024 | _a1694 | ||
| 037 | _b29301, 07/06/2004, Worldwide Book Traders | ||
| 037 | _cTextbook | ||
| 040 |
_aCSL _beng _cCSL |
||
| 041 | _aeng | ||
| 082 | _aB0aA, K1;K8 TB | ||
| 100 | _aKorn Granino A | ||
| 245 | 0 | _aMathematical handbook for scientists and engineers: definitions, theorems, and formulas for reference and review | |
| 260 |
_aMineola Dover Publications, Inc. New York _c1968 |
||
| 300 | _aix, 1130p | ||
| 500 | _aIncludes bibliographical references; Appendix A-F, 881-1089p; Glossary 1090-1096p; Index 1097-1130p | ||
| 650 | _a Natural Science | ||
| 650 | _aMathematics | ||
| 700 | _a Korn Theresa M | ||
| 942 |
_hB0aA, K1;K8 TB _cTB _2CC |
||
| 999 |
_c67500 _d67500 |
||